| 000 | 02082nam0a2200517 4500 | ||
|---|---|---|---|
| 001 | v19\rc\1384970 | ||
| 005 | 20251229000404.0 | ||
| 035 | _a(NLR Aleph) 004563425 | ||
| 090 |
_a2304212 _c2304212 |
||
| 100 | _a20060512d1870 u y0rusy50 ca | ||
| 101 | 0 | _arus | |
| 102 | _aRU | ||
| 105 | _ay j ||||| | ||
| 135 | _acrcn 024anaba | ||
| 200 | 1 |
_aСредние учебные заведения в Англии и Шотландии _eОтчет, представл. министру нар. прос. И. Деможо, д-ром слов. наук... и Г. Монтуччи, д-ром мат. наук... |
|
| 210 |
_aМосква _cП.Н. Юшенов и Г.И. Копп _d1870 |
||
| 215 |
_a[4], VIII, 675 с. _d23 |
||
| 325 | _aКопия доступна в Электрон. б-ке РНБ | ||
| 606 | 1 |
_aСреднее образование _yВеликобритания _91663336 _3RU\NLR\AUTH\661035868 |
|
| 606 | 1 |
_aПедагоги _xКомандировки служебные _92594280 _3RU\NLR\AUTH\6601742526 |
|
| 686 | 3 | _aЧ424(4Вл) | |
| 686 | 3 | _aЧ30е(28)л84 | |
| 700 | 1 |
_9z01790 _aДеможо _bЖ.К. _f1808-1894 _gЖак Клод |
|
| 701 | 1 |
_9z02790 _aМонтуччи _bА. _gАнри |
|
| 790 | 1 |
_9z01700 _aДеможо _bИ. _f1808-1894 |
|
| 790 | 1 |
_9z02701 _aМонтуччи _bГ. |
|
| 801 | 0 |
_aRU _bNLR _gpsbo |
|
| 801 | 0 |
_aRU _bRuMoRGB _2psbo |
|
| 801 | 1 |
_aRU _bProSoft-M _2rusmarc |
|
| 852 |
_aNLR _j18.64.6.59 |
||
| 856 | 0 | _uhttps://vivaldi.nlr.ru/bx000076647/view | |
| 856 | 1 | _uhttps://vivaldi.nlr.ru/bx000076647/cover | |
| 856 | 2 | _uhttps://vivaldi.nlr.ru/bx000076647/text | |
| 899 |
_aRuMoRGB _jE 34/163 |
||
| 899 |
_aRuMoRGB _jE 107/28 |
||
| 899 |
_aRuMoRGB _jW 181/131 |
||
| 899 | _aБАН | ||
| 899 | _aНБ СПбГУ | ||
| 899 | _aГПИБ | ||
| 901 | _eКнижные издания | ||
| 942 | _cBOOK | ||
| 980 | _aNB | ||
| 980 | _ahounb | ||